000 00596nam a2200241 a 4500
001 nice12345678
003 IN_TiNIC
005 20260116011321.0
008 050524s1926 oxfa grp 000 0 eng
020 _a
_c100
082 0 0 _a220.3
_bJEN
100 _aJennings, William
245 _aLexicon to the Syriac New Testament
_b Peshitta.
260 _aOxford
_bClarendon Press
_c1926
300 _a243p
500 _aincludes index and biblioraphy
505 2 _aIllus.
650 _aBible-Dictionaries
700 1 _aJennings, William
902 _bSRS
942 _cBK
999 _c457
_d457